000 02595nam0a2200481 4500
001 RU\NLR\bibl\1195135
005 20260409071038.0
010 _a5-16-002852-8
_bв пер.
_9100000
035 _a(NLR Aleph) 001181660
035 _a(nilc)EL/0000145398
035 _aROSTOV\BIBL\0000044453
090 _a1661237
_c1661237
100 _a20070710d2007 u y0rusy50 ca
101 0 _arus
102 _aRU
105 _aa j |||||
200 1 _aИнституциональная экономика
_eучебник
_e[для студентов, обучающихся по направлению "Экономика" (магистратура)
_fАнтон Олейник, Рустем Нуреев, Владимир Андрефф и др.]
_gпод общ. ред. Антона Олейника
_gрук. проекта Анатолий Гретченко
_gРос. экон. акад. им. Г.В. Плеханова
210 _aМосква
_cИнфра-М
_d2007
215 _a703 с.
_cил.
_d22
225 1 _a100 лет РЭА им. Г.В. Плеханова
300 _aАвт. указаны на обороте тит. л.
300 _aРез. на англ. яз.
320 _aБиблиогр. в примеч. в конце гл.
606 _aИнституционализм (экон.)
_jУчебники для высших учебных заведений
_3RU\NLR\auth\66472520
_91175908
606 1 _aИнституциональные системы экономические
_jУчебники для высших учебных заведений
_92087554
_3RU\NLR\auth\661263722
610 0 _aИнституциональная экономика
610 0 _aТеории
610 0 _aУчебные издания для вузов
686 _a65.01я73
_vLBC/RL
_2rubbk
686 _aУ02(0)я73
686 _aУ010.5я73
701 1 _aОлейник
_bА. Н.
_gАнтон Николаевич
_4070
701 1 _8rus
_7ca
_aНуреев
_bР. М.
_f1950-
_gРустем Махмутович
_3RU\NLR\auth\7752704
_935637
701 1 _aАндрефф
_bВ.
_gВладимир
712 0 2 _4570
_aРоссийская экономическая академия им. Г. В. Плеханова
_3RU\NLR\AUTH\889919800
_9335839
801 0 _aRU
_bДонская ГПБ
_c20070710
_gRCR
801 1 _aRU
_bДонская ГПБ
_c20070710
_2rusmarc
801 2 _aRU
_bNLR
_c20080303
_grcr
830 _aБиблиограф Пальчикова
830 _aАвт. по базе
942 _cBOOK
980 _aNB